Normal view
MARC view
Entry Topical Term
001 - CONTROL NUMBER
- control field: 26903
003 - CONTROL NUMBER IDENTIFIER
- control field: ARRUPE
005 - DATE AND TIME OF LATEST TRANSACTION
- control field: 20161024094400.0
008 - FIXED-LENGTH DATA ELEMENTS
- fixed length control field: 161024|| aca||aabn | a|a d
040 ## - CATALOGING SOURCE
- Original cataloging agency: ARRUPE
- Transcribing agency: ARRUPE
150 ## - HEADING--TOPICAL TERM
- Topical term or geographic name as entry element: Trade unions
- Geographic subdivision: Great Britain.
- General subdivision: Addresses
670 ## - SOURCE DATA FOUND
- Source citation: Work cat.: (ARRUPE)0: McCarthy, W. E. J. (William Edward John), comp. 26901, Trade unions:, 1972.